El peor de los males: la lucha contra el dolor a lo largo de la historia
محفوظ في:
| المؤلف الرئيسي: | |
|---|---|
| التنسيق: | كتاب |
| اللغة: | الإسبانية |
| منشور في: |
Madrid
A. Machado Libros
2010
|
| سلاسل: | Pepeles del Tiempo, 19
|
| الموضوعات: | |
| الوسوم: |
إضافة وسم
لا توجد وسوم, كن أول من يضع وسما على هذه التسجيلة!
|
MARC
| LEADER | 00000cam a2200000 a 4500 | ||
|---|---|---|---|
| 001 | UCF4063 | ||
| 003 | CL-VaPUC | ||
| 008 | 121115e20100000SP |||||||||||||||||spa|d | ||
| 020 | |a 9788477742555 | ||
| 082 | 0 | 4 | |a 306.461 |b DOR |2 21 |
| 100 | 0 | |a Dormandy, Thomas |e author |9 565719 | |
| 245 | 1 | 3 | |a El peor de los males: la lucha contra el dolor a lo largo de la historia |
| 300 | |a 762 p | ||
| 942 | |c BK | ||
| 945 | |d 20121115 00:00:00 |a dcastane | ||
| 260 | |a Madrid |b A. Machado Libros |c 2010 | ||
| 650 | 0 | |a Dolor |9 313052 | |
| 650 | 0 | |a Aspectos psicológicos |9 258128 | |
| 650 | 7 | |a SOCIOLOGIA DE LA SALUD |2 CL-VaPUC |9 469341 | |
| 583 | |a last modification |c 20121115 10:00:00 |k Rodrigo Vera | ||
| 490 | 0 | |a Pepeles del Tiempo, 19 | |
| 999 | |c 350059 |d 350057 | ||
| 952 | |0 0 |1 0 |4 0 |6 306_461000000000000_DOR_2010 |7 0 |8 A |9 453035 |a BIBHIS |b BIBHIS |d 2019-11-22 |i 492388K |l 2 |o 306.461 DOR 2010 |p 492388K |r 2025-01-20 |s 2021-01-14 |w 2019-11-22 |y BK |k HIS | ||